| 000 | 00653nam a2200229 4500 | ||
|---|---|---|---|
| 003 | SEACOMMC | ||
| 005 | 20231011071354.0 | ||
| 008 | 231011b |||||||| |||| 00| 0 eng d | ||
| 020 | _cRs. 180.00 | ||
| 040 | _aSEACOMMC | ||
| 082 |
_a631.304 _bHAJ |
||
| 100 | 1 | _aHajra Choudhury, S.K. | |
| 245 | 1 |
_aElements of workshop Technology _cS.K. Hajra Choudhury, A.K. Hajra Choudhury and Nirjhar Roy |
|
| 250 | _a13th ed. | ||
| 260 |
_aMumbai _bMedia Promoters _c2005 |
||
| 650 | _aTechnology | ||
| 650 | _aAgriculture | ||
| 650 | _aTools, machinery, apparatus, equipment | ||
| 700 | 1 | _aHajra Choudhury, A.K. | |
| 700 | 1 | _aRoy, Nirjhar | |
| 942 | _cBOOK | ||
| 999 |
_c137 _d137 |
||